| Tag |
First Indicator |
Second Indicator |
Subfields |
| LEADER |
00000cam a22000001a 4500 |
| 001 |
in00003354413 |
| 006 |
m d f |
| 007 |
cr bn mmmapmmp |
| 008 |
100612s1981 dcu o f000 0 eng d |
| 005 |
20260430232053.6 |
| 035 |
|
|
|a cis2007878118
|
| 040 |
|
|
|a ProQuest
|c ProQuest
|d UtOrBLW
|
| 043 |
|
|
|a n-us---
|
| 099 |
|
|
|a CRS-1981-GOV-0007
|
| 110 |
2 |
|
|a Library of Congress.
|b Congressional Research Service.
|
| 245 |
1 |
0 |
|a New Goal of Affirmative Action :
|b Percentage Parity Between Minority and Women Employees in the Federal Workforce and in the Civilian Labor Force.
|
| 264 |
|
1 |
|a [Place of publication not identified] :
|b [publisher not identified],
|c 1981.
|
| 300 |
|
|
|a 1 online resource.
|
| 336 |
|
|
|a text
|b txt
|2 rdacontent
|
| 337 |
|
|
|a computer
|b c
|2 rdamedia
|
| 338 |
|
|
|a online resource
|b cr
|2 rdacarrier
|
| 500 |
|
|
|a Record is based on bibliographic data in ProQuest U.S. Congressional Research Digital Collection (last viewed June 2010). Reuse except for individual research requires license from ProQuest, LLC.
|
| 500 |
|
|
|a CRS Report.
|
| 520 |
|
|
|a Discusses the concepts of underutilization and underrepresentation as criteria for affirmative action. Describes the special recruitment program mandated by the Civil Service Reform Act of 1978 for achieving minority parity representation goals for the Federal Government, and looks at possible alteration of present employee selection procedures.
|
| 500 |
|
|
|a Electronic resource.
|
| 650 |
|
0 |
|a Civil service.
|
| 650 |
|
0 |
|a Discrimination in employment.
|
| 650 |
|
0 |
|a Women
|x Employment.
|
| 655 |
|
7 |
|a Electronic books.
|2 local
|
| 710 |
2 |
|
|a ProQuest (Firm)
|
| 776 |
0 |
8 |
|i Microfiche version:
|a Library of Congress. Congressional Research Service.
|t New Goal of Affirmative Action
|
| 830 |
|
0 |
|a U.S. Congressional Research.
|
| 856 |
4 |
0 |
|u http://proxy.library.tamu.edu/login?url=https://congressional.proquest.com/congcomp/getdoc?CRDC-ID=CRS-1981-GOV-0007
|z Connect to the full text of this electronic book
|t 0
|
| 999 |
|
|
|a MARS
|
| 999 |
f |
f |
|s 0f874979-2dd2-3ebf-ba36-8cf42878dc8a
|i e0ed3c96-90ca-35bd-a141-60a19387b60d
|t 0
|
| 952 |
f |
f |
|a Texas A&M University
|b College Station
|c Electronic Resources
|s www_evans
|d Available Online
|t 0
|e CRS-1981-GOV-0007
|h Other scheme
|
| 998 |
f |
f |
|a CRS-1981-GOV-0007
|t 0
|l Available Online
|